000 00883nam a2200265Ia 4500
003 OSt
005 20220923211000.0
006 a|||||r|||| 00| 0
007 ta
008 220922b |||||||| |||| 00| 0 hin d
020 _a8170162106 (hbk)
024 _a237,641
037 _cTextual
040 _aARTS
_cARTS
_bhin
041 _2hin
_ahin
082 _aO152,3N32x, P4
100 _aकमलेश्वर
_9156277
245 0 _aदस प्रतिनिधि कहानियॉं
246 _aDas pratinidhi kahāniyaॉan
260 _aनयी दिल्ली
_b किताबघर प्रकाशन
_c2007
300 _a120 पृ.
_ccm.
490 _aदस प्रतिनिधि कहानियॉं सीरीज़
942 _hO152,3N32x, P4
_cTEXL
_2CC
999 _c293477
_d293477